000
00234nam a2200097Ia 4500
008
230915s9999 xx 000 0 und d
050
_a
QH 581.2 .E87 2003
100
_a
ALBERTS, BRUCE
245
0
_a
ESSENTIAL CELL BIOLOGY
942
_c
BK
999
_c
192025
_d
192025